Statistics for WWE nicknames

Click here to take the quiz!

General Stats

  • This quiz has been taken 85 times
    (80 since last reset)
  • The average score is 15 of 22

Answer Stats

NicknameAnswer% Correct
The rockDwayne Johnson
90%
The legend killer or the viperRandy Orton
90%
The rated R superstarEdge
88%
The heartbreak kidShawn Michaels
83%
The dead manThe Undertaker
83%
The American DreamDusty Rhodes
81%
The animalBatista
79%
The show offDolph Ziggler
79%
The champJohn Cena
79%
The king of kingsTriple h
79%
The Irish lass kickerBecky Lynch
75%
The queenCharlotte Flair
75%
The glamazonBeth Phoenix
73%
The huggerBayley
69%
The all American AmericanJack Swagger
69%
The bossSasha Banks
69%
The dirtiest player in the gameRic Flair
63%
The 8th wonder of the worldAndre the giant
58%
The man that gravity forgotAdrian Neville
56%
The ayatollah of rock 'n' rollChris Jericho
50%
The beast from the eastBam Bam bigelow
23%
The chosen oneDrew McIntyre or Jeff Jarrett
15%

Score Distribution

Percentile by Number Answered

Percent of People with Each Score

Your Score History

You have not taken this quiz since the last reset